| 000 | 01316cam a2200229 4500 | ||
|---|---|---|---|
| 001 | ##L135126 | ||
| 008 | 060926n2006 000 0 eng u | ||
| 035 | _a(Sirsi) u135126 | ||
| 041 | 0 | _aeng | |
| 050 | 0 | 4 | _a333.33 $2 18 |
| 110 | 2 |
_aRoyal Institution of Chartered Surveyors _bPublic Affairs _94679 |
|
| 245 | 0 | 0 |
_aUK economic brief _bSeptember 2006 |
| 260 |
_aLondon _bRICS _c2006 |
||
| 490 | 0 |
_aRICS UK Economic Brief _vSeptember 2006 |
|
| 520 | _aReports that the UK economy is growing solidly, with consumer spending continuing to rise. In the commercial property market, occupier demand grew slightly, supporting rental growth, with rent rises roughly in line with consumer price inflation. The construction industry also continued to grow, with the outlook staying bright. In the residential sector, house price growth accelerated for the fifth consecutive month, reaching its fastest pace since May 2004. Buyer enquiries rose for the fifteenth month in a row in August, up at the fastest pace since September 2003. Graphs. | ||
| 590 | _aIKA031006 | ||
| 650 | 2 | 4 | _aRICS UK ECONOMIC BRIEF |
| 651 | 4 |
_aUnited Kingdom _y |
|
| 690 | _aPROPERTY-PROPERTY MARKET | ||
| 856 | 4 | 0 |
_uhttps://www.rics.org/Global/Downloads/UKEconomicBrief200610.pdf _zView the report free of charge at www.rics.org... |
| 942 | _n0 | ||
| 999 |
_c105923 _d105923 |
||